| 000 | 03297ncm0a2200409 4500 | ||
|---|---|---|---|
| 001 | RU\NLR\ONIZ\212462 | ||
| 005 | 20250624195737.0 | ||
| 035 | _a(NLR Aleph) 010891982 | ||
| 090 |
_a10559157 _c10559157 |
||
| 100 | _a20150808d2004 |||y0rusy50 ca | ||
| 101 | 0 | _arus | |
| 102 | _aRU | ||
| 125 | _aax | ||
| 200 | 1 |
_aФортепианная миниатюра в зарубежной музыке _bНоты _dPiano miniature in foreign music _hВып. 2 _fСост. Л. Костромитина, Е. Борисова _zeng |
|
| 210 |
_aСанкт-Петербург _cГармония _d2004 |
||
| 215 |
_a36 с. _d29 см |
||
| 327 | 1 |
_a1. Песня без слов : [Es-dur : op. 67 № 1] = Song without words / Ф. Мендельсон. _a2. Желание = Desire / Ф. Шопен - Ф. Лист. _a3. Прелюдия = Prelude / Д. Гершвин. _a4. Грёзы = Revery / Р. Шуман. _a5. Утешение = Consolation / Ф. Лист. _a6. Интермеццо = Interlude : [As-dur] / И. Брамс. _a7. Порыв = Soaring / Р. Шуман |
|
| 464 | 0 |
_12001#$aПесня без слов$e[Es-dur$eop. 67 № 1]$dSong without words$fФ. Мендельсон$zeng _1215##$aС.3-5 _1701#1$9z01790$aМендельсон-Бартольди$bФ.$gФеликс$f1809-1847$4070$7ca _1790#1$9z01701$aMendelssohn$bF.$gFelix$f1809-1847$4070$7ba _tПесня без слов |
|
| 464 | 0 |
_12001#$aЖелание$dDesire$zeng$fФ. Шопен - Ф. Лист _1215##$aС.6-14 _1701#1$9z01790$aШопен$bФ.$gФридерик$f1810-1849$4230 _1790#1$9z01701$aChopin$bF.$gFrédérik$f1810-1849$4230 _tЖелание |
|
| 464 | 0 |
_12001#$aПрелюдия$dPrelude$zeng$fД. Гершвин _1215##$aС.15-18 _1701#1$9z01790$aГершвин$bД.$gДжордж$f1898-1937$4070$7ca _1790#1$9z01701$aGershwin$bG.$gGeorge$f1898-1937$4070$7ba _tПрелюдия |
|
| 464 | 0 |
_12001#$aГрёзы$dRevery$zeng$fР. Шуман _1215##$aС.19 _1701#1$9z01790$aШуман$bР.$gРоберт$f1810-1856$4070$7ca _1790#1$9z01701$aSchumann$bR.$gRobert$f1810-1856$4070$7ba _tГрёзы |
|
| 464 | 0 |
_12001#$aУтешение$dConsolation$zeng$fФ. Лист _1215##$aС.20-22 _1701#1$9z01790$aЛист$bФ.$gФеренц$f1811-1886$4070$7ca _1790#1$9z01701$aLiszt$bF.$gFerenz$f1811-1886$4070$7ba _tУтешение |
|
| 464 | 0 |
_12001#$aИнтермеццо$dInterlude$e[As-dur]$zeng$fИ. Брамс _1215##$aС.23-28 _1701#1$9z01790$aБрамс$bИ.$gИоганнес$f1833-1897$4070$7ca _1790#1$9z01701$aBrahms$bJ.$gJohannes$f1833-1897$4070$7ba _tИнтермеццо |
|
| 464 | 0 |
_12001#$aПорыв$dSoaring$zeng$fР. Шуман _1215##$aС.29-36 _1701#1$9z01790$aШуман$bР.$gРоберт$f1810-1856$4070$7ca _1790#1$9z01701$aSchumann$bR.$gRobert$f1810-1856$4070$7ba _tПорыв |
|
| 686 |
_aЩ954.2-058я43(4) _vLBC/SL _2rubbk |
||
| 702 | 1 |
_9z01790 _aКостромитина _bЛ. В. _gЛюдмила Владимировна _4340 |
|
| 702 | 1 |
_9z02790 _aБорисова _bЕ. _4340 |
|
| 790 | 1 |
_9z01702 _aKostromitina _bL. V. _gLyudmila Vladimirovna _4340 |
|
| 790 | 1 |
_9z02702 _aBorisova _bE. _4340 |
|
| 801 | 0 |
_aRU _bNLR _c20150808 _gPSBO |
|
| 801 | 1 |
_aRU _bNLR _c20150808 _2rusmarc |
|
| 801 | 2 |
_aRU _bNLR _c20151106 |
|
| 852 |
_aNLR _bМ _jК-3/26216(2) _p278543 _t1 |
||
| 942 | _cSCORE | ||
| 980 | _aNB | ||
| 980 | _aONIZ | ||